Soldados de plomo / (Record no. 140941)

MARC details
000 -CABECERA
campo de control de longitud fija 00661cam a22002414a 4500
003 - IDENTIFICADOR DEL NÚMERO DE CONTROL
campo de control UPN
005 - FECHA Y HORA DE LA ÚLTIMA TRANSACCIÓN
campo de control 20220808092002.0
008 - ELEMENTOS DE LONGITUD FIJA--INFORMACIÓN GENERAL
campo de control de longitud fija 090205s1997 es r 000 f spa d
020 ## - NÚMERO INTERNACIONAL NORMALIZADO PARA LIBROS
Número Internacional Estándar del Libro 8421631896
035 ## - NÚMERO DE CONTROL DEL SISTEMA
Número de control de sistema UPN01000168835
040 ## - FUENTE DE LA CATALOGACIÓN
Centro catalogador/agencia de origen UPN
Lengua de catalogación spa
Centro/agencia transcriptor UPN
049 ## - COLECCIÓN
Colección CG
050 #4 - SIGNATURA TOPOGRÁFICA DE LA BIBLIOTECA DEL CONGRESO
Número de clasificación PJ5054 O7.4
Número de documento/Ítem S6.4
100 1# - ASIENTO PRINCIPAL--NOMBRE PERSONAL
Nombre de persona Orlev, Uri,
Fechas asociadas al nombre 1931-
9 (RLIN) 30817
245 10 - MENCIÓN DE TÍTULO
Título Soldados de plomo /
Mención de responsabilidad, etc. Uri Orlev ; tr. Eulália Sariola i Mayol.
260 ## - PUBLICACIÓN, DISTRIBUCIÓN, ETC.
Lugar de publicación, distribución, etc. Madrid :
Nombre del editor, distribuidor, etc. Bruño,
Fecha de publicación, distribución, etc. 1997.
300 ## - DESCRIPCIÓN FÍSICA
Extensión 251 p.
490 0# - MENCIÓN DE SERIE
Mención de serie Paralelo cero ;
Designación de volumen o secuencia 17
650 #4 - ASIENTO SECUNDARIO DE MATERIA - TERMINO TEMATICO
9 (RLIN) 4235
Término de materia o nombre geográfico como elemento de entrada NOVELA POLACA
650 #0 - ASIENTO SECUNDARIO DE MATERIA - TERMINO TEMATICO
Término de materia o nombre geográfico como elemento de entrada Guerra mundial II, 1939-1945
Subdivisión de forma Novela
9 (RLIN) 5166
905 ## - TIPO DE MATERIAL
Tipo de material Libro
942 ## - ELEMENTOS DE PUNTO DE ACCESO ADICIONAL (KOHA)
Fuente del sistema de clasificación o colocación Library of Congress Classification
Tipo de ítem Koha Libro
Holdings
Estado de retiro Estado de pérdida Fuente del sistema de clasificación o colocación Estado dañado No para préstamo Código de colección Localización permanente Ubicación/localización actual Ubicación en estantería Total de préstamos Clasificación Código de barras Fecha visto por última vez Tipo de ítem Koha
    Library of Congress Classification     Colección General Bib. Gregorio Torres Quintero Bib. Gregorio Torres Quintero Planta baja   PJ5054 O7.4 S6.4 AP292 31/12/2020 Libro